Laboratory Manual, Seeley's anatomy & physiology / (Record no. 88718)
[ view plain ]
| 000 -LEADER | |
|---|---|
| fixed length control field | 00909nam a22002777a 4500 |
| 003 - CONTROL NUMBER IDENTIFIER | |
| control field | URS |
| 005 - DATE AND TIME OF LATEST TRANSACTION | |
| control field | 20251119101348.0 |
| 008 - FIXED-LENGTH DATA ELEMENTS--GENERAL INFORMATION | |
| fixed length control field | |
| 020 ## - INTERNATIONAL STANDARD BOOK NUMBER | |
| International Standard Book Number | 978-981-331228-9 |
| 040 ## - CATALOGING SOURCE | |
| Transcribing agency | URS |
| Language of cataloging | English |
| Description conventions | rda |
| 050 00 - LIBRARY OF CONGRESS CALL NUMBER | |
| Classification number | QP34.5 |
| Item number | .W754 2023 |
| 100 ## - MAIN ENTRY--PERSONAL NAME | |
| Personal name | Wise, Eric, |
| Relator term | author. |
| 9 (RLIN) | 6614 |
| 245 00 - TITLE STATEMENT | |
| Title | Laboratory Manual, Seeley's anatomy & physiology / |
| Statement of responsibility, etc | Eric Wise. |
| 250 ## - EDITION STATEMENT | |
| Edition statement | 13th edition. |
| 264 ## - PUBLICATION, DISTRIBUTION, ETC. (IMPRINT) | |
| Place of publication, distribution, etc | New York : |
| Name of publisher, distributor, etc | McGraw-Hill, |
| Date of publication, distribution, etc | ©2023. |
| 300 ## - PHYSICAL DESCRIPTION | |
| Extent | viii, 563 pages : |
| Other physical details | illustrations ; |
| Dimensions | 28 cm. |
| 336 ## - CONTENT TYPE | |
| Source | rdacontent |
| Content type term | text |
| Content type code | txt |
| 337 ## - MEDIA TYPE | |
| Source | rdamedia |
| Media type term | unmediated |
| Media type code | n |
| 338 ## - CARRIER TYPE | |
| Source | rdacarrier |
| Carrier type term | volume |
| Carrier type code | nc |
| 500 ## - GENERAL NOTE | |
| General note | Includes appendix. |
| 650 #0 - SUBJECT ADDED ENTRY--TOPICAL TERM | |
| Topical term or geographic name as entry element | Human anatomy |
| General subdivision | Laboratory manuals. |
| 9 (RLIN) | 6612 |
| 650 #0 - SUBJECT ADDED ENTRY--TOPICAL TERM | |
| Topical term or geographic name as entry element | Human physiology |
| General subdivision | Laboratory manuals. |
| 9 (RLIN) | 6613 |
| 730 0# - ADDED ENTRY--UNIFORM TITLE | |
| Uniform title | Fundamentals of nursing. |
| 856 41 - ELECTRONIC LOCATION AND ACCESS | |
| Materials specified | Table of contents only |
| Uniform Resource Identifier | <a href="http://www.loc.gov/catdir/toc/ecip0620/2006029312.html">http://www.loc.gov/catdir/toc/ecip0620/2006029312.html</a> |
| 942 ## - ADDED ENTRY ELEMENTS (KOHA) | |
| Source of classification or shelving scheme | Library of Congress Classification |
| Koha item type | Reserved Books |
| Withdrawn status | Lost status | Source of classification or shelving scheme | Damaged status | Not for loan | Collection code | Home library | Current library | Shelving location | Date acquired | Source of acquisition | Total Checkouts | Full call number | Barcode | Date last seen | Copy number | Koha item type |
|---|---|---|---|---|---|---|---|---|---|---|---|---|---|---|---|---|
| Library of Congress Classification | Non-fiction | Taytay College Library | Taytay College Library | Nursing Collection | 08/12/2025 | Donation | QP34.5 .W754 2023 | URSTAY-5898 | 11/19/2025 | 1 | Reserved Books |